000 00332nam a2200145Ia 4500
008 191201s2005 xx 000 0 und d
082 _a621.38173
_bPUB
100 _aPUCKNELL, Douglas A
245 0 _aBasic VLSI Design
250 _a3rd
260 _aN.Delhi
_bPHI
_c2005
300 _a459
650 _aB.Tech(ECE)
942 _2ddc
_cBK
999 _c964
_d964